000 00331 a2200157 4500
001 12822
020 _a9788576711490
040 _cAnchieta - Aquarius
100 _aGusmão, Tânia
240 1 0 _a*Ana e o gato
_lpor
245 1 0 _a*Ana e o gato
300 _a12
362 0 _a2011
650 4 _aLiteratura infantil
942 _cBK
999 _c12822
_d12822